European Journal of Economics, Law and Social Sciences

Detalles Bibliográficos
Formato: eBook
Lenguaje:inglés
Publicado: Viena: International Institute For Private Commercial And Competition Law (IIPCCL), 2017 -
Materias:
Acceso en línea:Acceso restringido

MARC

LEADER 00000nam a22000007a 4500
005 20201029230944.0
007 cr|||| ||||
008 201029c20179999eu fr|w s|||| 0|||b1eng d
022 |a 2519-1284 
035 |a 32207 
040 |a vLex 
090 |c 10818  |d 10818 
245 0 0 |a European Journal of Economics, Law and Social Sciences  |h [Recurso electrn̤ico] / 
256 |a Servicio en ln̕ea 
260 |a Viena:  |b International Institute For Private Commercial And Competition Law (IIPCCL),  |c 2017 - 
300 |a 1 recurso electrn̤ico 
310 |a Semestral 
362 |a Nð 1-1 (Ene. 2017) - 
506 1 |a Disponible solo en los productos indicados  |d vLex Global  |d vLex Global (Academic Edition, excluding Law Schools)  |d vLex Global (U.S. Academic Edition, Law Schools)  |d vLex Global (U.S. Academic Edition, excluding Law Schools)  |d vLex Global (Academic Edition, Law Schools) 
650 0 4 |a Derecho Pb︢lico y Administrativo  |z Austria 
740 0 |a vLex Revistas (Servicio en ln̕ea) 
856 4 0 |u http://vlex.com/source/european-journal-economics-law-social-sciences-32207  |z Acceso restringido 
942 |c REV 
999 0 |a Public and Administrative Law